Thermodynamics (Record no. 7801)

000 -LEADER
fixed length control field 00495nam a22002057a 4500
001 - CONTROL NUMBER
control field 7801
003 - CONTROL NUMBER IDENTIFIER
control field BD-DhUET
008 - FIXED-LENGTH DATA ELEMENTS--GENERAL INFORMATION
fixed length control field 141212b xxu||||| |||| 00| 0 eng d
040 ## - CATALOGING SOURCE
Transcribing agency 0
Modifying agency BD-DhUET
082 ## - DEWEY DECIMAL CLASSIFICATION NUMBER
Classification number 621.01
Item number OBE/1963
100 ## - MAIN ENTRY--PERSONAL NAME
Personal name Obert, Edward F.
245 ## - TITLE STATEMENT
Title Thermodynamics
250 ## - EDITION STATEMENT
Edition statement 2nd ed.
260 ## - PUBLICATION, DISTRIBUTION, ETC. (IMPRINT)
Place of publication, distribution, etc. New York
Name of publisher, distributor, etc. McGraw-Hill Book
Date of publication, distribution, etc. 1963
300 ## - PHYSICAL DESCRIPTION
Extent xxi,596p.
504 ## - BIBLIOGRAPHY, ETC. NOTE
Bibliography, etc Includes bibliographies
650 #0 - SUBJECT ADDED ENTRY--TOPICAL TERM
Topical term or geographic name as entry element Thermodynamics
700 ## - ADDED ENTRY--PERSONAL NAME
Personal name Gaggioli, Richard A.
942 ## - ADDED ENTRY ELEMENTS (KOHA)
Koha item type General Book
Holdings
Damaged status Source of classification or shelving scheme Date acquired Koha full call number Koha normalized classification for sorting Copy number Koha item type Sublocation or collection (holding branch) Price effective from Withdrawn status Lost status Location (home branch) Piece designation (barcode) Shelving location Koha date last seen Not for loan
  2014-12-12621.01/OBE/1963621_010000000000000_OBE_19631General BookCentral Library, BUET2014-12-12  Central Library, BUET6402Circulation section2014-12-12 
  2014-12-12621.01/OBE/1963621_010000000000000_OBE_19632General BookCentral Library, BUET2014-12-12  Central Library, BUET6403Circulation section2014-12-12 
  2014-12-12621.01/OBE/1963621_010000000000000_OBE_19633General BookCentral Library, BUET2014-12-12  Central Library, BUET15731Circulation section2014-12-12 
  2014-12-12621.01/OBE/1963621_010000000000000_OBE_19634General BookCentral Library, BUET2014-12-12  Central Library, BUET18703Circulation section2014-12-12 
  2014-12-12621.01/OBE/1963621_010000000000000_OBE_19635General BookCentral Library, BUET2014-12-12  Central Library, BUET18706Circulation section2014-12-12 
  2014-12-12621.01/OBE/1963621_010000000000000_OBE_19636General BookCentral Library, BUET2014-12-12  Central Library, BUET18708Circulation section2014-12-12 
  2014-12-12621.01/OBE/1963621_010000000000000_OBE_19637General BookCentral Library, BUET2014-12-12  Central Library, BUET18705Circulation section2014-12-12 
  2014-12-12621.01/OBE/1963621_010000000000000_OBE_19638General BookCentral Library, BUET2014-12-12  Central Library, BUET18702Circulation section2014-12-12 
  2015-04-12621.01/OBE/1963621_010000000000000_OBE_19639General BookCentral Library, BUET2015-04-12  Central Library, BUET18707Circulation section2015-04-12